Harry Potter Character or Supreme Court Justice? Quiz Stats

Quiz Updated Dec 14, 2017

Challenge
Share
Tweet
Embed
Score 0/16 Timer 01:00
7 Plays Today
Name Harry Potter (H) or Supreme Court (S)? % Correct
Lucius Malfoy???
93.8%
Horace Slughorn???
92.5%
Alastor Moody???
91.6%
James Potter???
91.2%
Potter Stewart???
89%
Phineas Nigellus Black???
88.4%
Rufus Scrimgeour???
88.1%
Byron 'Whizzer' White???
87.9%
Name Harry Potter (H) or Supreme Court (S)? % Correct
Felix Frankfurter???
81.6%
Rufus Peckham???
79.6%
Horace Gray???
79.1%
Lucius Quintus Cincinnatus Lamar II???
78.7%
Hugo Black???
75.6%
William Henry Moody???
73.1%
Florean Fortescue???
70.6%
Augustus Rookwood???
68.2%

You're not logged in!

Compare scores with friends on all Sporcle quizzes.
Join for Free
OR
Log In

You Might Also Like...

Show Comments

Extras

Top Quizzes Today


Score Distribution

Your Account Isn't Verified!

In order to create a playlist on Sporcle, you need to verify the email address you used during registration. Go to your Sporcle Settings to finish the process.

Report this User

Report this user for behavior that violates our Community Guidelines.

Details: